[Event "Amplico ch-EUR Rapid"]
[Site "Warsaw POL"]
[Date "2012.12.15"]
[Round "2.22"]
[White "Khamidov, Komil"]
[Black "Miton, Kamil"]
[Result "1-0"]
[BlackTitle "GM"]
[WhiteElo "2095"]
[BlackElo "2626"]
[WhiteFideId "1108956"]
[BlackFideId "1111914"]
[EventDate "2012.12.15"]

1. e4 c5 2. Nf3 d6 3. d4 cxd4 4. Nxd4 Nf6 5. Nc3 Bd7 6. f3 e5 7. Nb3 Be7 8. Be3
O-O 9. Qd2 a5 10. a4 Be6 11. O-O-O Nc6 12. g4 Nb4 13. g5 Ne8 14. Kb1 Rc8 15. h4
d5 16. exd5 Bf5 17. Na1 Nd6 18. Qf2 Qd7 19. Qg3 Rfe8 20. Bh3 Bf8 21. h5 Rc4 22.
Qg2 Rec8 23. g6 fxg6 24. hxg6 h6 25. Bxf5 Nxf5 26. Bc1 Nd4 27. Rhe1 Nxd5 28.
Rxe5 Nxc3+ 29. bxc3 Rxc3 30. Bb2 Qc7 31. f4 Nxc2 32. Bxc3 Na3+ 33. Ka2 Qc4+ 34.
Nb3 Qxc3 35. Rc1 Nc2 36. Rc5 Rxc5 37. Nxc5 Qa3+ 38. Kb1 Ne3 39. Qa2+ Qxa2+ 40.
Kxa2 Nd5 41. Ne6 Nb4+ 42. Kb3 Nc6 43. Kc4 Be7 44. Kb5 h5 45. Kb6 Bf6 46. Kxb7
Ne7 47. f5 h4 48. Ka6 h3 49. Kxa5 h2 50. Kb5 Bh4 51. a5 Bf2 52. Rd1 Kh8 53. Rd8+
Ng8 54. Ng5 1-0

[Event "Amplico ch-EUR Rapid"]
[Site "Warsaw POL"]
[Date "2012.12.15"]
[Round "2.23"]
[White "Rapport, Richard"]
[Black "Szwarc, Pawel"]
[Result "1-0"]
[WhiteTitle "GM"]
[WhiteElo "2621"]
[BlackElo "2094"]
[WhiteFideId "738590"]
[BlackFideId "1122304"]
[EventDate "2012.12.15"]

1. e4 c5 2. Nf3 d6 3. d4 cxd4 4. Nxd4 Nf6 5. Nc3 a6 6. Be3 e5 7. Nf3 Be7 8. Bc4
O-O 9. O-O Nc6 10. Bg5 Be6 11. Bb3 Rc8 12. Bxf6 Bxf6 13. Qd3 Na5 14. Bd5 b5 15.
Rac1 Qb6 16. Nd1 Bxd5 17. Qxd5 Qc6 18. Ne3 Nc4 19. Qxc6 Rxc6 20. Nxc4 Rxc4 21.
Nd2 Rd4 22. Rcd1 d5 23. c3 Rd3 24. exd5 Rxd5 25. Nb3 Rfd8 26. Rxd5 Rxd5 27. Re1
g6 28. Kf1 Bd8 29. Ke2 f5 30. Rc1 Bg5 31. Rc2 Kf7 32. c4 bxc4 33. Rxc4 h5 34.
Rc7+ Ke6 35. Rc6+ Rd6 36. Nc5+ Kd5 37. Rxd6+ Kxd6 38. Nxa6 e4 39. Nb4 Bf6 40. b3
Kc5 41. Nc2 f4 42. f3 e3 43. g3 Be5 44. gxf4 Bxf4 45. h3 1-0

[Event "Amplico ch-EUR Rapid"]
[Site "Warsaw POL"]
[Date "2012.12.15"]
[Round "2.25"]
[White "Andriasian, Zaven"]
[Black "Vasylius, Kestutis"]
[Result "1-0"]
[WhiteTitle "GM"]
[WhiteElo "2605"]
[BlackElo "2107"]
[WhiteFideId "13302000"]
[BlackFideId "12803294"]
[EventDate "2012.12.15"]

1. e4 c5 2. Nc3 d6 3. f4 Nc6 4. Bb5 Nf6 5. Bxc6+ bxc6 6. Nf3 e6 7. O-O Be7 8. d3
d5 9. Qe1 Qb6 10. Kh1 Ba6 11. e5 Nd7 12. b3 Nf8 13. Na4 Qc7 14. c4 Nd7 15. Ba3
Rd8 16. Rc1 O-O 17. Rf2 Rfe8 18. Rfc2 d4 19. Re2 Bf8 20. Ng5 Bc8 21. Ne4 f5 22.
exf6 Nxf6 23. Nxf6+ gxf6 24. Qg3+ Kh8 25. Bxc5 Bh6 26. Rf1 e5 27. fxe5 fxe5 28.
Ba3 Rg8 29. Qxe5+ Qxe5 30. Rxe5 Rde8 31. Be7 Bg7 32. Ree1 h6 33. Nc5 Bf8 34.
Bf6+ Bg7 35. Bxg7+ Kxg7 36. Rxe8 Rxe8 37. Ne4 a5 38. h3 Be6 39. Kh2 a4 40. bxa4
Ra8 41. Nc5 Bf7 42. Rf4 Ra5 43. Rg4+ Kf6 44. Nb3 Rxa4 45. Nxd4 Bg6 46. Rg3 Rxa2
47. Nxc6 Ra6 48. Nb4 Ra3 49. Nd5+ Kf7 50. Rf3+ Kg7 51. Nf4 Bf5 52. g4 Bc8 53.
Kg3 Ra1 54. d4 Ra4 55. Nh5+ Kg8 56. Nf6+ Kh8 57. Re3 Rxc4 58. Re7 1-0

[Event "Amplico ch-EUR Rapid"]
[Site "Warsaw POL"]
[Date "2012.12.15"]
[Round "2.26"]
[White "Narva, Regina R."]
[Black "Jussupow, Artur"]
[Result "0-1"]
[WhiteTitle "WF"]
[BlackTitle "GM"]
[WhiteElo "2047"]
[BlackElo "2611"]
[WhiteFideId "4500237"]
[BlackFideId "4618777"]
[EventDate "2012.12.15"]

1. e4 e6 2. d4 d5 3. exd5 exd5 4. Bf4 Bd6 5. Qd2 Nf6 6. Nc3 O-O 7. O-O-O Ne4 8.
Nxe4 dxe4 9. f3 Bf5 10. fxe4 Bxe4 11. Nf3 Nc6 12. Bg5 Qd7 13. Bb5 a6 14. Ba4 b5
15. Bb3 a5 16. Rhe1 Rae8 17. d5 Bxf3 18. dxc6 Bxc6 19. Qxa5 Qg4 20. Qd2 Qxg2 21.
Qxg2 Bxg2 22. Rg1 Be4 23. h4 Kh8 24. h5 h6 25. Bd2 Bf3 26. Rdf1 Bxh5 27. Bc3 f6
28. Rf5 Be2 29. Rh1 Re4 30. Bd2 c6 31. c3 Rg4 32. Rf2 Bd3 33. Be6 Rg3 34. Bd7 c5
35. a4 bxa4 36. Bxa4 Ra8 37. b3 c4 38. Kb2 Be5 39. Rfh2 Rg4 40. Bc6 Rb8 41. Bd7
Rxb3+ 42. Ka2 Bxh2 43. Bxg4 Be5 0-1

[Event "Amplico ch-EUR Rapid"]
[Site "Warsaw POL"]
[Date "2012.12.15"]
[Round "2.28"]
[White "Ulanowski, Karol"]
[Black "Dziuba, Marcin"]
[Result "0-1"]
[BlackTitle "GM"]
[WhiteElo "2084"]
[BlackElo "2602"]
[WhiteFideId "1108964"]
[BlackFideId "1112953"]
[EventDate "2012.12.15"]

1. e4 c6 2. d4 d5 3. Nc3 dxe4 4. Nxe4 Nd7 5. Ng5 Ngf6 6. Bd3 e6 7. N1f3 Bd6 8.
O-O h6 9. Ne4 Nxe4 10. Bxe4 Nf6 11. Bd3 b6 12. Ne5 Bb7 13. c4 Qc7 14. Bf4 c5 15.
Qa4+ Kf8 16. b4 cxd4 17. Rfe1 Kg8 18. h3 Qe7 19. Rab1 a5 20. bxa5 Rxa5 21. Qb3
Bc5 22. Bd2 Ra3 23. Qc2 Nd7 24. Nxd7 Qxd7 25. Bb4 Ra7 26. Re5 Qd6 27. Bxc5 bxc5
28. Ree1 g5 29. Qb3 Kg7 30. Rb2 Rha8 31. Reb1 Bc6 32. Qc2 Ra3 33. Qe2 Qf4 34.
Rb6 Rxa2 35. Qe1 R2a6 36. g3 Qc7 37. R6b2 Ra3 38. Qe2 e5 39. Rb6 Re8 40. Bf5 e4
41. Qh5 e3 42. f4 e2 43. Kf2 Rxg3 44. Kxg3 Qxf4# 0-1

[Event "Amplico ch-EUR Rapid"]
[Site "Warsaw POL"]
[Date "2012.12.15"]
[Round "2.29"]
[White "Kempinski, Robert"]
[Black "Luksik, Mateusz"]
[Result "1-0"]
[WhiteTitle "GM"]
[WhiteElo "2599"]
[BlackElo "2086"]
[WhiteFideId "1105663"]
[BlackFideId "1114913"]
[EventDate "2012.12.15"]

1. d4 Nf6 2. c4 g6 3. g3 Bg7 4. Bg2 d6 5. Nf3 O-O 6. O-O c6 7. Nc3 Bf5 8. Ne1
Be6 9. d5 cxd5 10. cxd5 Bd7 11. Qb3 Qc7 12. Be3 Na6 13. Qa3 Rfc8 14. Rc1 Qd8 15.
Nd3 Ng4 16. Bd2 Nc5 17. Nxc5 Rxc5 18. Ne4 Rxc1 19. Rxc1 Qb6 20. Bc3 Bxc3 21.
Rxc3 Rc8 22. Rxc8+ Bxc8 23. h3 Nf6 24. Qc3 Qd8 25. Nxf6+ exf6 26. e4 Bd7 27. Bf1
h6 28. h4 Kg7 29. b3 a6 30. a4 Qc8 31. Qxc8 Bxc8 32. a5 f5 33. Bh3 Kf6 34. f4
Bd7 35. Kf2 Bb5 36. Ke3 h5 37. Kd4 Bd7 38. e5+ Ke7 39. Bf1 Be8 40. b4 Bd7 41.
Kc3 Bb5 42. Bc4 Kd7 43. Kd4 Ke7 44. Ba2 Bf1 45. Bc4 Bxc4 46. Kxc4 Kd7 47. exd6
Kxd6 48. Kd4 f6 49. Kc4 g5 50. fxg5 fxg5 51. hxg5 f4 52. g6 f3 53. Kd3 1-0

[Event "Amplico ch-EUR Rapid"]
[Site "Warsaw POL"]
[Date "2012.12.15"]
[Round "2.30"]
[White "Zochowski, Kacper"]
[Black "Swiercz, Dariusz"]
[Result "0-1"]
[BlackTitle "GM"]
[WhiteElo "2083"]
[BlackElo "2627"]
[WhiteFideId "1125494"]
[BlackFideId "1126881"]
[EventDate "2012.12.15"]

1. e4 c5 2. Nf3 d6 3. d4 cxd4 4. Nxd4 Nf6 5. Nc3 a6 6. f4 e5 7. Nf3 Nbd7 8. Bd3
Be7 9. O-O O-O 10. Kh1 Qc7 11. Qe1 Nc5 12. fxe5 dxe5 13. Bg5 Be6 14. Qg3 h6 15.
Be3 Rad8 16. Rad1 Ng4 17. Bg1 b5 18. a3 Rd7 19. Nd5 Bxd5 20. Qxg4 Be6 21. Qh5
Nxd3 22. cxd3 Bf6 23. d4 exd4 24. Bxd4 Bxd4 25. Nxd4 Bc4 26. Rfe1 Rfd8 27. Nf5
Qf4 28. Ne7+ Kh7 29. Nd5 Qf2 30. Rg1 Be2 31. Qe5 Bxd1 32. Rxd1 Rd6 33. h3 Rg6
34. Rg1 Rc8 35. Nc3 Rc5 36. Qe7 Rcg5 37. Nd1 Rxg2 0-1

[Event "Amplico ch-EUR Rapid"]
[Site "Warsaw POL"]
[Date "2012.12.15"]
[Round "2.31"]
[White "Romanov, Evgeny"]
[Black "Chubar, Vladimir"]
[Result "1-0"]
[WhiteTitle "GM"]
[BlackTitle "IM"]
[WhiteElo "2616"]
[BlackElo "2052"]
[WhiteFideId "4148843"]
[BlackFideId "14101491"]
[EventDate "2012.12.15"]

1. d4 Nf6 2. c4 e6 3. Nc3 Bb4 4. e3 O-O 5. Ne2 Re8 6. a3 Bf8 7. e4 d6 8. g3 e5
9. d5 a5 10. Bg2 Na6 11. b4 Bg4 12. Rb1 axb4 13. axb4 h6 14. O-O Qc8 15. Be3 Bh3
16. f3 Bxg2 17. Kxg2 c5 18. Na4 Qc7 19. bxc5 Nxc5 20. Bxc5 dxc5 21. Rb5 Bd6 22.
Qb3 Ra7 23. Rb1 Rea8 24. Nec3 Nh5 25. Rxb7 Qd8 26. Rxa7 Rxa7 27. Qb6 Qe7 28. Qc6
Qg5 29. Qxd6 Rxa4 30. Nxa4 Qd2+ 31. Kh3 Qd3 32. Qb8+ Kh7 33. Qb3 Qd2 34. Nxc5 f5
35. exf5 Qg5 36. Ne4 Qxf5+ 37. Kg2 1-0

[Event "Amplico ch-EUR Rapid"]
[Site "Warsaw POL"]
[Date "2012.12.15"]
[Round "2.32"]
[White "Berlin, Dmitriy"]
[Black "Banusz, Tamas"]
[Result "0-1"]
[BlackTitle "GM"]
[WhiteElo "2079"]
[BlackElo "2580"]
[WhiteFideId "13505491"]
[BlackFideId "722413"]
[EventDate "2012.12.15"]

1. d4 Nf6 2. c4 e6 3. Nc3 Bb4 4. e3 O-O 5. Ne2 d5 6. a3 Be7 7. Ng3 c5 8. cxd5
cxd4 9. exd4 Nxd5 10. Bd3 Nc6 11. O-O Nf6 12. Be3 b6 13. Qa4 Bb7 14. Rad1 a6 15.
h3 b5 16. Qc2 Rc8 17. Qe2 g6 18. Bb1 Na5 19. Bh6 Re8 20. Nge4 Nd5 21. Rfe1 Nc4
22. Bc1 f5 23. Ng3 Bg5 24. Nxd5 Qxd5 25. f4 Bf6 26. b3 Nb6 27. Kh2 Qd6 28. Qf2
Nd5 29. Ne2 Kg7 30. Kh1 Nc3 31. Nxc3 Rxc3 32. Rd3 Rec8 33. Be3 Rxd3 34. Bxd3
Qxa3 35. d5 Qxb3 36. Bb1 Qxd5 0-1

[Event "Amplico ch-EUR Rapid"]
[Site "Warsaw POL"]
[Date "2012.12.15"]
[Round "2.35"]
[White "Le Roux, Jean-Pierre"]
[Black "Leks, Maria"]
[Result "1-0"]
[WhiteTitle "GM"]
[BlackTitle "WC"]
[WhiteElo "2569"]
[BlackElo "2078"]
[WhiteFideId "609404"]
[BlackFideId "1134957"]
[EventDate "2012.12.15"]

1. d4 d5 2. Nf3 Nf6 3. c4 c6 4. Nc3 dxc4 5. a4 Bf5 6. Ne5 Nbd7 7. Nxc4 e6 8. g3
Bb4 9. Bg2 O-O 10. O-O a5 11. e4 Bg6 12. Qe2 Qe7 13. Bf4 Rfd8 14. Rad1 h6 15. h3
Bh7 16. Na2 g5 17. Bc1 b5 18. axb5 cxb5 19. Nxb4 Qxb4 20. Na3 Rab8 21. f4 gxf4
22. Bxf4 e5 23. dxe5 Qc5+ 24. Qf2 Qxf2+ 25. Rxf2 Nxe4 26. Bxe4 Bxe4 27. e6 Nf6
28. Re1 Rb7 29. Be5 1-0

[Event "Amplico ch-EUR Rapid"]
[Site "Warsaw POL"]
[Date "2012.12.15"]
[Round "2.37"]
[White "Moranda, Wojciech"]
[Black "Tvarijonas, Tomas"]
[Result "1-0"]
[WhiteTitle "GM"]
[WhiteElo "2559"]
[BlackElo "2062"]
[WhiteFideId "1122401"]
[BlackFideId "12805432"]
[EventDate "2012.12.15"]

1. d4 d5 2. c4 c6 3. Nc3 e5 4. dxe5 d4 5. Ne4 Qa5+ 6. Bd2 Qxe5 7. Ng3 Nf6 8. Nf3
Qd6 9. Qc2 Be7 10. O-O-O c5 11. e3 dxe3 12. Bxe3 Qa6 13. Nf5 Bxf5 14. Qxf5 O-O
15. a3 b6 16. Ne5 Qb7 17. Be2 Na6 18. Bf3 Qc8 19. Qxc8 Raxc8 20. Bb7 Nb8 21.
Bxc8 Rxc8 22. Rd3 Nc6 23. Nxc6 Rxc6 24. Rhd1 h6 25. f3 a6 26. Bf4 Re6 27. Re3
Rxe3 28. Bxe3 g5 29. h4 Ne8 30. Rd7 Kf8 31. hxg5 hxg5 32. Kc2 f5 1-0

[Event "Amplico ch-EUR Rapid"]
[Site "Warsaw POL"]
[Date "2012.12.15"]
[Round "2.40"]
[White "Snihur, Piotr"]
[Black "Stocek, Jiri"]
[Result "0-1"]
[BlackTitle "GM"]
[WhiteElo "2064"]
[BlackElo "2557"]
[WhiteFideId "1157191"]
[BlackFideId "304760"]
[EventDate "2012.12.15"]

1. e4 c5 2. Nf3 d6 3. d4 cxd4 4. Nxd4 Nf6 5. Nc3 a6 6. Bg5 e6 7. f4 Bd7 8. Qf3
Nc6 9. O-O-O Rc8 10. g4 Nxd4 11. Rxd4 Qb6 12. Rd2 Rxc3 13. Qxc3 Nxe4 14. Qd4
Qxd4 15. Rxd4 d5 16. Bg2 Bc5 17. Rxe4 dxe4 18. Bxe4 Be3+ 19. Kd1 h6 20. Ke2 hxg5
21. Kxe3 Rh3+ 22. Kf2 gxf4 23. Bxb7 e5 0-1

[Event "Amplico ch-EUR Rapid"]
[Site "Warsaw POL"]
[Date "2012.12.15"]
[Round "2.41"]
[White "Papin, Vasily"]
[Black "Kossobudzki, Robert"]
[Result "1-0"]
[WhiteTitle "GM"]
[WhiteElo "2561"]
[BlackElo "2065"]
[WhiteFideId "4143183"]
[BlackFideId "1107887"]
[EventDate "2012.12.15"]

1. c4 c5 2. g3 Nf6 3. Bg2 g6 4. Nc3 Bg7 5. Nf3 O-O 6. O-O d6 7. d4 Nbd7 8. b3
Rb8 9. e4 a6 10. a4 Qc7 11. Bb2 e5 12. dxc5 dxc5 13. Qc2 Re8 14. Rad1 Nf8 15.
Nd5 Nxd5 16. cxd5 Bg4 17. Rc1 Bxf3 18. Bxf3 Nd7 19. Bg4 Bf8 20. f4 Bd6 21. f5 b5
22. axb5 axb5 23. h4 c4 24. Kh2 Qb6 25. fxg6 f5 26. gxh7+ Kh8 27. Rxf5 Nc5 28.
Bh5 Nd3 29. Bxe8 Nxc1 1-0

[Event "Amplico ch-EUR Rapid"]
[Site "Warsaw POL"]
[Date "2012.12.15"]
[Round "2.42"]
[White "Eggink, Ryszard"]
[Black "Yakovich, Yuri"]
[Result "1/2-1/2"]
[BlackTitle "GM"]
[WhiteElo "2063"]
[BlackElo "2517"]
[WhiteFideId "1125869"]
[BlackFideId "4100654"]
[EventDate "2012.12.15"]

1. e4 c5 2. Nf3 Nc6 3. d4 cxd4 4. Nxd4 Nf6 5. Nc3 e5 6. Ndb5 d6 7. Bg5 a6 8.
Bxf6 gxf6 9. Na3 b5 10. Nd5 Bg7 11. Bd3 Ne7 12. Ne3 f5 13. exf5 d5 14. c3 e4 15.
Be2 Bxf5 16. Nxf5 Nxf5 17. O-O O-O 18. Nc2 Qd6 19. a4 bxa4 20. Rxa4 a5 21. Ne3
Nxe3 22. fxe3 Be5 23. g3 Bxg3 24. hxg3 Qxg3+ 25. Kh1 Kh8 26. Bg4 1/2-1/2

[Event "Amplico ch-EUR Rapid"]
[Site "Warsaw POL"]
[Date "2012.12.15"]
[Round "2.43"]
[White "Tazbir, Marcin"]
[Black "Szymczak, Rafal"]
[Result "1-0"]
[WhiteTitle "IM"]
[WhiteElo "2555"]
[BlackElo "2063"]
[WhiteFideId "1122452"]
[BlackFideId "1110780"]
[EventDate "2012.12.15"]

1. c4 e5 2. g3 f5 3. Bg2 Nf6 4. Nc3 c6 5. d4 exd4 6. Qxd4 g6 7. Bf4 Be7 8. Bh6
Qb6 9. Qxb6 axb6 10. Nf3 d6 11. O-O Be6 12. b3 Ng4 13. Bf4 Bf6 14. Rac1 Ne5 15.
Rfd1 Ke7 16. Na4 Ra6 17. Nxe5 dxe5 18. Bd2 Nd7 19. Bb4+ Kf7 20. Rd2 e4 21. Rcd1
Ne5 22. c5 b5 23. Nb6 g5 24. f4 gxf4 25. gxf4 Ng4 26. Bh3 Ne3 27. Rc1 Bh4 28.
Bc3 Rg8+ 29. Kh1 Nd5 30. Nxd5 Bxd5 31. e3 Ke6 1-0

[Event "Amplico ch-EUR Rapid"]
[Site "Warsaw POL"]
[Date "2012.12.15"]
[Round "2.44"]
[White "Minina, Veronika"]
[Black "Bryzgalin, Kirill"]
[Result "1-0"]
[BlackTitle "GM"]
[WhiteElo "2057"]
[BlackElo "2485"]
[WhiteFideId "4174780"]
[BlackFideId "4133285"]
[EventDate "2012.12.15"]

1. Nf3 Nf6 2. c4 d6 3. d4 Nbd7 4. g3 e5 5. Bg2 Be7 6. O-O O-O 7. b3 c6 8. Bb2
Qc7 9. e3 Re8 10. Nc3 Bf8 11. Rc1 h6 12. b4 a6 13. a4 a5 14. b5 c5 15. d5 Nb6
16. Nd2 g6 17. f4 exf4 18. gxf4 Ng4 19. Nce4 f5 20. h3 Rxe4 21. Nxe4 Nxe3 22.
Nf6+ Kf7 23. Qe2 Qe7 24. Rfe1 Nbxc4 1-0

[Event "Amplico ch-EUR Rapid"]
[Site "Warsaw POL"]
[Date "2012.12.15"]
[Round "2.45"]
[White "Popov, Valerij"]
[Black "Grygierczyk, Wojciech"]
[Result "1-0"]
[WhiteTitle "GM"]
[WhiteElo "2557"]
[BlackElo "2061"]
[WhiteFideId "4119410"]
[BlackFideId "1139193"]
[EventDate "2012.12.15"]

1. Nf3 c5 2. e4 Nc6 3. Bb5 Nf6 4. Bxc6 dxc6 5. d3 Bg4 6. Nbd2 e5 7. h3 Bxf3 8.
Nxf3 Nd7 9. O-O g6 10. Bg5 Be7 11. Bh6 Qc7 12. a4 O-O-O 13. Qd2 f6 14. a5 Nf8
15. Be3 Kb8 16. Qc3 Ne6 17. Qb3 Qd7 18. c3 g5 19. Rfd1 Nf4 20. d4 exd4 21. cxd4
Nxh3+ 22. gxh3 Qxh3 23. a6 b6 24. Qf7 Rd7 25. dxc5 Qxf3 1-0

[Event "Amplico ch-EUR Rapid"]
[Site "Warsaw POL"]
[Date "2012.12.15"]
[Round "2.46"]
[White "Minas, Ioannis"]
[Black "Gritsak, Orest"]
[Result "1/2-1/2"]
[BlackTitle "GM"]
[WhiteElo "1972"]
[BlackElo "2549"]
[WhiteFideId "4251857"]
[BlackFideId "14102188"]
[EventDate "2012.12.15"]

1. e4 c5 2. c3 d5 3. exd5 Qxd5 4. d4 Nf6 5. Nf3 e6 6. Na3 a6 7. Nc4 Nbd7 8. a4
b6 9. Ne3 Qc6 10. Be2 Bb7 11. O-O Rd8 12. Qc2 Bd6 13. Rd1 O-O 14. Ng5 h6 15. Bf3
Qc7 16. Bxb7 hxg5 17. Bxa6 Bxh2+ 18. Kf1 Bf4 19. Be2 Nd5 20. Nxd5 exd5 21. Qf5
Bxc1 22. Raxc1 Qh2 23. Qh3 Qxh3 24. gxh3 c4 25. Bf3 Nf6 26. Re1 Rfe8 27. Rcd1
Ra8 28. Rxe8+ Rxe8 29. Ra1 Ra8 30. Ra3 Kf8 31. b3 cxb3 32. Rxb3 Rxa4 33. Rxb6 1/2-1/2

[Event "Amplico ch-EUR Rapid"]
[Site "Warsaw POL"]
[Date "2012.12.15"]
[Round "2.47"]
[White "Bulski, Krzysztof"]
[Black "Halamus, Agata"]
[Result "1-0"]
[WhiteTitle "GM"]
[WhiteElo "2549"]
[BlackElo "2057"]
[WhiteFideId "1121499"]
[BlackFideId "1133772"]
[EventDate "2012.12.15"]

1. Nf3 Nf6 2. c4 g6 3. Nc3 Bg7 4. e4 d6 5. d4 O-O 6. Be2 c6 7. O-O Nbd7 8. Re1
Re8 9. Bf1 e5 10. b3 exd4 11. Nxd4 Nc5 12. f3 Qc7 13. Be3 Bd7 14. Qd2 Rad8 15.
b4 Ne6 16. Nb3 Qb8 17. Rac1 Bc8 18. Qf2 b6 19. Red1 Bb7 20. c5 bxc5 21. bxc5 d5
22. exd5 Nxd5 23. Nxd5 Rxd5 24. Rxd5 cxd5 25. c6 Bc8 26. Bxa7 Qb4 27. Qd2 Qa4
28. Bf2 d4 29. Rc4 Qa7 30. Nxd4 Nxd4 31. Bxd4 Bxd4+ 32. Qxd4 Qxa2 33. Rc1 Qa3 1-0

[Event "Amplico ch-EUR Rapid"]
[Site "Warsaw POL"]
[Date "2012.12.15"]
[Round "2.48"]
[White "Golek, Jagoda"]
[Black "Jaracz, Pawel"]
[Result "0-1"]
[BlackTitle "GM"]
[WhiteElo "2049"]
[BlackElo "2548"]
[WhiteFideId "1138529"]
[BlackFideId "1102222"]
[EventDate "2012.12.15"]

1. e4 c5 2. Nf3 e6 3. c4 Nc6 4. Nc3 e5 5. g3 g6 6. Bg2 Bg7 7. O-O Nge7 8. d3 O-O
9. a3 d6 10. Rb1 h6 11. b4 b6 12. Bd2 Be6 13. Ne1 Qd7 14. Nc2 Bh3 15. b5 Nd8 16.
Nd5 Bxg2 17. Kxg2 f5 18. Nxe7+ Qxe7 19. f3 f4 20. g4 Ne6 21. Be1 Bf6 22. Rh1 h5
23. h3 Kg7 24. Bf2 Bh4 25. Bxh4 Qxh4 26. Qe1 Qe7 27. Qe2 Rh8 28. Qf2 Rh7 29. a4
Rah8 30. Rbg1 Rh6 31. Qe1 Qd8 32. Qf2 R8h7 33. Qe1 Qh8 34. Qh4 g5 35. Qe1 hxg4
36. h4 Rxh4 37. Rxh4 Rxh4 38. Kf1 gxf3 0-1

[Event "Amplico ch-EUR Rapid"]
[Site "Warsaw POL"]
[Date "2012.12.15"]
[Round "2.49"]
[White "Maiorov, Nikita1"]
[Black "Melderis, Uldis"]
[Result "1-0"]
[WhiteTitle "GM"]
[WhiteElo "2541"]
[BlackElo "1978"]
[WhiteFideId "13501720"]
[BlackFideId "11600845"]
[EventDate "2012.12.15"]

1. d4 Nf6 2. c4 c5 3. d5 b5 4. cxb5 a6 5. bxa6 Bxa6 6. Nc3 d6 7. g3 g6 8. Bg2
Bg7 9. Nf3 O-O 10. O-O Nbd7 11. Qc2 Qb6 12. Rd1 Rfb8 13. Rb1 Bc8 14. h3 Ne8 15.
Bg5 Kf8 16. Qd2 Ne5 17. Bh6 Nxf3+ 18. exf3 Bf5 19. Bxg7+ Nxg7 20. Rbc1 Qxb2 21.
Qh6 Kg8 22. Re1 Re8 23. a4 Bd3 24. g4 Rab8 25. Qe3 c4 26. Nb5 Qb4 27. Ra1 Qa5
28. Nd4 Qa7 29. Nc6 Qxe3 30. Rxe3 Rb7 31. a5 Kf8 32. a6 Rc7 33. Bf1 Bxf1 34.
Kxf1 e6 1-0

[Event "Amplico ch-EUR Rapid"]
[Site "Warsaw POL"]
[Date "2012.12.15"]
[Round "3.2"]
[White "Shirov, Alexei"]
[Black "Licznerski, Lukasz"]
[Result "1/2-1/2"]
[WhiteTitle "GM"]
[WhiteElo "2708"]
[BlackElo "2321"]
[WhiteFideId "2209390"]
[BlackFideId "1179250"]
[EventDate "2012.12.15"]

1. e4 c6 2. d4 d5 3. e5 c5 4. dxc5 e6 5. Nf3 Bxc5 6. Bd3 Nc6 7. c3 f6 8. b4 Bb6
9. exf6 Nxf6 10. b5 Ne7 11. O-O O-O 12. a4 Bc7 13. Re1 Nf5 14. Ra2 a6 15. Rae2
axb5 16. axb5 h6 17. c4 Qd6 18. Bb2 Ng4 19. Ne5 Nxe5 20. Bxe5 Qc5 21. Bxc7 Qxc7
22. cxd5 exd5 23. Nd2 Nd4 24. Re8 Bd7 25. Rxa8 Rxa8 26. Nb3 Nxb3 27. Qxb3 Qc5
28. h3 Rf8 29. Qb2 d4 30. Qa2+ Kh8 31. Qe2 Bf5 32. Rd1 Bxd3 33. Qxd3 Rd8 34. Rd2
Qc1+ 35. Kh2 Qc7+ 36. g3 Qc5 37. Rc2 Qe5 38. b6 Qd6 39. Rb2 Qc5 40. Rb5 Qc6 41.
h4 Qf6 42. Rb2 Qc6 43. Rb4 Qc5 44. Rb5 Qc6 45. h5 Rd5 46. Rxd5 Qxd5 47. Kg1 Qc5
48. Qe4 Qxb6 49. Qe8+ Kh7 50. Qe4+ Kg8 51. Qe8+ 1/2-1/2

[Event "Amplico ch-EUR Rapid"]
[Site "Warsaw POL"]
[Date "2012.12.15"]
[Round "3.6"]
[White "Bezuch, Martin"]
[Black "Riazantsev, Alexander"]
[Result "1/2-1/2"]
[BlackTitle "GM"]
[WhiteElo "2302"]
[BlackElo "2705"]
[WhiteFideId "14906333"]
[BlackFideId "4125029"]
[EventDate "2012.12.15"]

1. Nf3 Nf6 2. g3 d5 3. Bg2 Nbd7 4. O-O e5 5. d3 c6 6. e4 Bd6 7. Re1 O-O 8. Nbd2
Re8 9. a4 a5 10. Nf1 Qc7 11. h3 Bf8 12. Nh4 dxe4 13. dxe4 Nc5 14. Qf3 Ne6 15. c3
Nd7 16. Nf5 Ndc5 17. Be3 b5 18. axb5 cxb5 19. h4 a4 20. Nh2 Nd3 21. Re2 a3 22.
bxa3 Qxc3 23. Rd1 Rxa3 24. Ng4 Qc6 25. Red2 Ndc5 26. Rd6 Rxe3 27. fxe3 Bxd6 28.
Nfh6+ Kh8 29. Nxf7+ Kg8 30. Nfh6+ Kh8 31. Nf7+ Kg8 32. Ngh6+ gxh6 33. Nxh6+ Kh8
34. Qf6+ Ng7 35. Nf7+ Kg8 36. Nh6+ Kh8 37. Nf7+ Kg8 38. Nh6+ Kh8 39. Nf7+ 1/2-1/2

[Event "Amplico ch-EUR Rapid"]
[Site "Warsaw POL"]
[Date "2012.12.15"]
[Round "3.8"]
[White "Genutis, Mindaugas"]
[Black "Fridman, Daniel"]
[Result "0-1"]
[WhiteTitle "FM"]
[BlackTitle "GM"]
[WhiteElo "2316"]
[BlackElo "2667"]
[WhiteFideId "1407058"]
[BlackFideId "11600454"]
[EventDate "2012.12.15"]

1. d4 Nf6 2. c4 e6 3. g3 d5 4. Bg2 dxc4 5. Nf3 b5 6. Ne5 Nd5 7. a4 c6 8. O-O Bb7
9. Nc3 a6 10. e4 Nf6 11. d5 cxd5 12. exd5 exd5 13. axb5 axb5 14. Rxa8 Bxa8 15.
Nxb5 Qa5 16. Nd4 Bd6 17. Nxc4 dxc4 18. Bxa8 O-O 19. Bg2 Rd8 20. Qc2 Bxg3 21.
hxg3 Rxd4 22. Be3 Rd8 23. Qxc4 Nbd7 24. b4 Qh5 25. Qh4 Qb5 26. Rd1 Rb8 27. Rd4
Ne5 28. Bg5 Ng6 29. Bxf6 Nxh4 30. Bxh4 g5 0-1

[Event "Amplico ch-EUR Rapid"]
[Site "Warsaw POL"]
[Date "2012.12.15"]
[Round "3.10"]
[White "Kadziolka, Beata"]
[Black "Sargissian, Gabriel"]
[Result "0-1"]
[WhiteTitle "WGM"]
[BlackTitle "GM"]
[WhiteElo "2286"]
[BlackElo "2666"]
[WhiteFideId "1119990"]
[BlackFideId "13300881"]
[EventDate "2012.12.15"]

1. e4 e5 2. Nf3 Nc6 3. Bc4 Bc5 4. c3 Nf6 5. d4 exd4 6. e5 d5 7. Bb5 Ne4 8. cxd4
Bb6 9. Nc3 O-O 10. h3 Ne7 11. O-O Bf5 12. Be3 c6 13. Bd3 Qd7 14. Nh4 Nxc3 15.
bxc3 Bxd3 16. Qxd3 Rac8 17. f4 f5 18. a4 Ba5 19. Bc1 Ng6 20. Nxg6 hxg6 21. Ba3
Rfe8 22. Bb4 Bd8 23. a5 b6 24. axb6 Bxb6 25. Ba5 Qc7 26. Bxb6 axb6 27. Ra6 Ra8
28. Rfa1 Qb7 29. Rxa8 Rxa8 30. Rxa8+ Qxa8 31. Qb1 Qa5 32. Qb4 Qa1+ 33. Kf2 Qc1
34. g3 Qd2+ 35. Kf3 Kh7 36. Qxb6 Qxc3+ 37. Kf2 Qd2+ 38. Kf3 Qe1 39. Qxc6 Qe4+
40. Kf2 Qxd4+ 41. Kg2 Qd2+ 42. Kf3 d4 43. e6 d3 44. g4 Qe2+ 45. Kg3 d2 0-1